[Event "UK x Brazil"]
[Site "http://www.queenalice.com/game.php?id=71215"]
[Date "2006.5.24"]
[Round "-"]
[White "MECFIELD"]
[Black "franckscarduelli"]
[Result "1-0"]
[WhiteElo "1518"]
[BlackElo "1508"]

1. e4 e5 2. Qf3 d6 3. Bc4 Qe7 4. Nc3 c6 5. h4 Nf6 6. Nh3 Bg4 7. Qd3 g6 8. Ng5 b5
9. Nxb5 cxb5 10. Bxb5+ Nbd7 11. Qc4 Bh6 12. Nxf7 Qxf7 13. Qc6 O-O 14. d3 Nxe4
15. f3 Bh5 16. Qxe4 Nc5 17. Qc4 Rab8 18. Bxh6 Rfc8 19. Qb4 a6 20. Qc4 Ne6 21.
Bc6 Rxb2 22. Qxa6 Qc7 23. Qc4 Kf7 24. Qc3 Rb6 25. g4 Rxc6 26. Qb3 Qa5+ 27. Kf2
Qd2+ 28. Kg3 Qxh6 29. Raf1 Kg7 30. Qxe6 Qf4+ 31. Kh3 Qf8 32. gxh5 gxh5 33. Rhg1+
Kh8 34. Rg5 Re8 35. Qd5 Rc5 36. Qb7 Qf6 37. Rxh5 e4 38. Qxh7# 1-0

[Event "Philippines x Brazil"]
[Site "http://www.queenalice.com/game.php?id=71216"]
[Date "2006.5.24"]
[Round "-"]
[White "barraw"]
[Black "franckscarduelli"]
[Result "1-0"]
[WhiteElo "1522"]
[BlackElo "1545"]

1. e4 e5 2. d4 Nc6 3. d5 Nd4 4. c3 Nb5 5. Bxb5 c6 6. Bc4 d6 7. Qf3 Qe7 8. Nh3 h5
9. Qe3 Nh6 10. Na3 Ng4 11. Qf3 cxd5 12. Bxd5 Bd7 13. Bxb7 Rb8 14. Bd5 f6 15. c4
g5 16. b3 a5 17. Nb5 Kd8 18. Qc3 Qe8 19. a4 f5 20. Bxg5+ Be7 21. Qxa5+ Kc8 22.
Na7# 1-0

[Event "Portugal x Brasil"]
[Site "http://www.queenalice.com/game.php?id=71217"]
[Date "2006.5.24"]
[Round "-"]
[White "papiro"]
[Black "franckscarduelli"]
[Result "1-0"]
[WhiteElo "1511"]
[BlackElo "1513"]

1. e4 e5 2. Qf3 Nh6 3. Bc4 Bc5 4. d3 O-O 5. Nh3 d6 6. Bxh6 gxh6 7. O-O Bxh3 8.
Qxh3 Qg5 9. a3 Kh8 10. b4 Bb6 11. Bd5 c6 12. Bc4 Nd7 13. Qxd7 Rg8 14. g3 Raf8
15. Qxb7 f5 16. Bxg8 Rxg8 17. Qxc6 f4 18. Qxd6 f3 19. Nc3 Qg4 20. Qxh6 Bd4 21.
Nd5 Bxa1 22. Nf6 Rg7 23. Nxg4 Rxg4 24. Qf6+ Kg8 25. Qe6+ Kf8 26. Qxg4 Bd4 27.
Qxf3+ Kg7 28. b5 Bxf2+ 29. Qxf2 h6 30. Qf7+ Kh8 31. Rf6 h5 32. Rh6# 1-0

[Event "Canada x Brazil"]
[Site "http://www.queenalice.com/game.php?id=71223"]
[Date "2006.5.24"]
[Round "-"]
[White "Electric_Lettuce"]
[Black "franckscarduelli"]
[Result "1-0"]
[WhiteElo "1488"]
[BlackElo "1537"]

1. e4 e5 2. Nf3 Nc6 3. Nc3 Nd4 4. Nxe5 Qf6 5. Ng4 Qe6 6. d3 c6 7. Be3 Nxc2+ 8.
Qxc2 Qxg4 9. h3 Qe6 10. d4 d5 11. Bd3 Bb4 12. O-O Nf6 13. e5 Nh5 14. Ne2 f6 15.
Nf4 Qf7 16. a3 Be7 17. Bf5 g6 18. Nxg6 Qg8 19. Nxh8 Qxh8 20. Bxh7 Kd8 21. Bh6
fxe5 22. Qg6 Nf4 23. Bxf4 exf4 24. Qf7 Qxd4 25. Bg6 Qh8 26. Rae1 Qf8 27. Qxf8+
Bxf8 28. Re8+ Kc7 29. Rxf8 b5 30. Re1 Bb7 31. Rxa8 Bxa8 32. h4 c5 33. h5 d4 34.
h6 d3 35. Bxd3 c4 36. Bf5 f3 37. gxf3 Bxf3 38. h7 c3 39. bxc3 b4 40. cxb4 a5 41.
h8=Q Be4 42. Rxe4 axb4 43. axb4 Kd6 44. Re5 Kc7 45. Qf6 Kb8 46. Re7 Ka8 47. Qf8#
1-0

[Event "AUTO-ADV-178"]
[Site "http://www.queenalice.com/game.php?id=72070"]
[Date "2006.5.27"]
[Round "1"]
[White "franckscarduelli"]
[Black "MES_1988"]
[Result "1-0"]
[WhiteElo "1528"]
[BlackElo "1508"]

1. e4 e5 2. Nf3 Nc6 3. Nc3 Bc5 4. Qe2 Nf6 5. d3 d6 6. Bg5 h6 7. Bxf6 Qxf6 8. Nd5
Qd8 9. Qd2 Be6 10. Ne3 Bxe3 11. Qxe3 Nd4 12. Nxd4 1-0

[Event "AUTO-ADV-178"]
[Site "http://www.queenalice.com/game.php?id=72071"]
[Date "2006.5.27"]
[Round "1"]
[White "MES_1988"]
[Black "franckscarduelli"]
[Result "0-1"]
[WhiteElo "1525"]
[BlackElo "1511"]

1. e4 e5 2. Nf3 d6 3. Bc4 Nh6 4. d3 Qf6 5. Bg5 Qg6 6. Nc3 f6 7. Bxh6 gxh6 8. Nh4
Qg5 9. Nf5 Bxf5 10. exf5 Qxf5 11. Qe2 Nc6 12. Nd5 O-O-O 13. g4 Qg5 0-1

[Event "AUTO-ADV-178"]
[Site "http://www.queenalice.com/game.php?id=72072"]
[Date "2006.5.27"]
[Round "1"]
[White "franckscarduelli"]
[Black "claudiocaire"]
[Result "1-0"]
[WhiteElo "1519"]
[BlackElo "1333"]

1. e4 c6 2. b4 Qb6 3. c3 Nf6 4. d3 d6 5. Be3 Qb5 6. Na3 Qh5 7. Be2 Qg6 8. Qa4
Qxg2 9. Bf3 Qg6 10. Nc4 Bg4 11. O-O-O Bxf3 12. Nxf3 Qg2 13. Nh4 Qg4 14. Nf5 e6
15. Nfxd6+ Bxd6 16. Nxd6+ Ke7 17. Nxb7 Nh5 18. Qa5 Nd7 19. Qc7 Rab8 20. Rhg1 Qe2
21. Rd2 Qf3 22. e5 Rxb7 23. Qxb7 Nf6 24. Bc5+ Kd8 25. exf6 Nxc5 26. Qe7+ Kc8 27.
Qxc5 gxf6 28. b5 h5 29. bxc6 a5 30. c7 Qf4 31. c4 Qxc7 32. Qd4 Qxh2 33. Re1 e5
34. Qd5 Qxf2 35. Rxf2 1-0

[Event "AUTO-ADV-178"]
[Site "http://www.queenalice.com/game.php?id=72073"]
[Date "2006.5.27"]
[Round "1"]
[White "claudiocaire"]
[Black "franckscarduelli"]
[Result "0-1"]
[WhiteElo "1404"]
[BlackElo "1513"]

1. c3 e5 2. Qb3 c6 3. Nf3 d6 4. d3 g6 5. Ng5 f6 6. Ne4 d5 7. Ng3 b6 8. c4 Be6 9.
cxd5 Bxd5 10. Qc2 Bd6 11. e4 Be6 12. Be2 f5 13. exf5 gxf5 14. O-O f4 15. Nh5 Qh4
16. Ng7+ Ke7 17. g3 Qg5 18. Nxe6 Kxe6 19. h4 Qf5 20. g4 Qf8 21. d4 e4 22. Qxe4+
Kd7 23. Nc3 Nf6 24. Qf5+ Kc7 25. Bxf4 Nbd7 26. Bxd6+ Qxd6 27. g5 Nh5 28. Ne4 Qg6
29. Qxg6 hxg6 30. Bxh5 Rxh5 31. f4 Rf8 32. Rad1 Rxh4 33. d5 Rg4+ 34. Kf2 Rgxf4+
35. Ke1 Rxe4+ 36. Kd2 Rxf1 37. Rxf1 cxd5 38. Kd3 Nc5+ 39. Kc3 Rg4 40. Rf7+ Kc6
41. Rxa7 Ne4+ 42. Kd4 Nxg5+ 43. Ke5 Nf3+ 44. Ke6 Ng5+ 45. Kf6 Ne4+ 46. Ke6 Rg5
47. b4 Rf5 48. a4 Ng5+ 49. Ke7 Rf7+ 50. Ke8 Rxa7 51. b5+ Kc5 52. Kd8 Kd6 53. Kc8
Ne6 54. Kb8 Rd7 55. a5 bxa5 56. b6 Kc6 57. b7 Rxb7+ 58. Kc8 Rf7 59. Kb8 Kb6 60.
Ka8 Rf8# 0-1

[Event "AUTO-ADV-178"]
[Site "http://www.queenalice.com/game.php?id=72074"]
[Date "2006.5.27"]
[Round "1"]
[White "franckscarduelli"]
[Black "zevir"]
[Result "0-1"]
[WhiteElo "1545"]
[BlackElo "1537"]

1. e4 e5 2. d4 Nf6 3. Qf3 exd4 4. e5 Qe7 5. Qh5 Nxh5 6. Be2 Qxe5 7. Nf3 Qc5 8.
Na3 Bd6 9. O-O O-O 10. b3 Nf6 11. Bb2 Ng4 12. Nc4 Nc6 13. Rad1 b5 14. Bxd4 Nxd4
15. Nxd4 bxc4 16. Bxc4 Qe5 17. g3 Bb7 18. Rfe1 Qf6 19. h3 Qxf2# 0-1

[Event "AUTO-ADV-178"]
[Site "http://www.queenalice.com/game.php?id=72075"]
[Date "2006.5.27"]
[Round "1"]
[White "zevir"]
[Black "franckscarduelli"]
[Result "1-0"]
[WhiteElo "1520"]
[BlackElo "1525"]

1. e4 e5 2. Nf3 Qf6 3. Bc4 Bc5 4. O-O Qg6 5. Nxe5 Qxe4 6. Qe1 Qf5 7. Nxf7+ Kf8
8. Nxh8 d5 9. Bb3 c6 10. d3 Bd6 11. c4 Qxd3 12. cxd5 c5 13. Ba4 Nf6 14. Bg5 Be7
15. Nc3 Qf5 16. Qe3 Ng4 17. Qxe7+ Kg8 18. Qe8+ Qf8 19. Rae1 Na6 20. Qxf8+ Kxf8
21. Re8# 1-0

[Event "Franck x Jomaley"]
[Site "http://www.queenalice.com/game.php?id=73040"]
[Date "2006.5.30"]
[Round "-"]
[White "franckscarduelli"]
[Black "Jomaley"]
[Result "1-0"]
[WhiteElo "1505"]
[BlackElo "1440"]

1. e3 e5 2. d4 d6 3. c3 g6 4. Qa4+ Bd7 5. Qb4 b6 6. Nf3 f6 7. Qc4 b5 8. Qd5 Na6
9. a4 c6 10. Qe4 Qa5 11. b3 Bh6 12. Ba3 d5 13. Qh4 g5 14. Qh5+ Kd8 15. dxe5 Be6
16. exf6 Nxf6 17. Qxh6 Re8 18. Qxf6+ Kc8 19. Nxg5 b4 20. Bxa6+ Qxa6 21. Bxb4 Rb8
22. Nxe6 Rb7 23. Nc5 Qb6 24. Qf5+ Kd8 25. a5 Qc7 26. a6 Rb5 27. Ne6+ Rxe6 28.
Qxe6 Qd7 29. Qf6+ Kc8 30. O-O d4 31. exd4 Qg4 32. Qxc6+ Kd8 33. Qxb5 h5 34. Re1
h4 35. Ba5+ Kc8 36. Qb7# 1-0

[Event "Jomaley x Franck"]
[Site "http://www.queenalice.com/game.php?id=73041"]
[Date "2006.5.30"]
[Round "-"]
[White "Jomaley"]
[Black "franckscarduelli"]
[Result "1-0"]
[WhiteElo "1401"]
[BlackElo "1518"]

1. d4 d6 2. e3 g6 3. Nf3 Bg4 4. b3 Nc6 5. c3 Nf6 6. h3 Bxf3 7. gxf3 Bg7 8. Bc4
O-O 9. b4 Qe8 10. b5 Na5 11. Na3 d5 12. Qa4 b6 13. Bd3 c6 14. c4 dxc4 15. Nxc4
cxb5 16. Qb4 Nd5 17. Qb2 bxc4 18. Be4 c3 19. Qc2 Qc6 20. h4 Nc4 21. f4 e6 22. h5
Nd6 23. hxg6 fxg6 24. a4 Nb4 25. Bxc6 Nxc2+ 26. Ke2 Rac8 27. Bf3 Nxa1 28. Ba3
Rfd8 29. Rxa1 c2 30. e4 Bxd4 31. e5 Nc4 32. Bg4 Rc6 33. Kd3 Nxa3 34. Rxa3 Bb2+
35. Ke3 Bxa3 36. Bxe6+ Rxe6 37. Kf3 1-0

[Event "Inter x Vasco"]
[Site "http://www.queenalice.com/game.php?id=73616"]
[Date "2006.6.1"]
[Round "-"]
[White "Fabio"]
[Black "franckscarduelli"]
[Result "1-0"]
[WhiteElo "1644"]
[BlackElo "1543"]

1. d4 e6 2. c3 d5 3. Nf3 Nc6 4. Na3 Na5 5. Qa4+ c6 6. e3 a6 7. b4 Nc4 8. Nxc4
dxc4 9. Bxc4 b5 10. Qa5 Qxa5 11. bxa5 bxc4 12. Ne5 Ne7 13. Nxc4 Nd5 14. Bb2 Be7
15. O-O Rb8 16. g3 O-O 17. e4 Nc7 18. Ba3 Bxa3 19. Nxa3 Rb5 20. Nxb5 cxb5 21. f3
f6 22. a4 e5 23. Kg2 exd4 24. cxd4 Bd7 25. Rfc1 Ne6 26. d5 Nd4 27. Rc7 Rd8 28.
Ra7 Nb3 29. Ra3 bxa4 30. Rxa6 Nc5 31. Rb6 Kf7 32. Rc3 Rc8 33. Rxc5 Rxc5 34. a6
Ra5 35. Rb7 Ke7 36. a7 Kd6 37. f4 Bc8 38. Rb8 Kd7 39. a8=Q Rxa8 40. Rxa8 Bb7 41.
Ra7 Kc8 42. Rxa4 g6 43. Rc4+ Kb8 44. d6 Bc8 45. Rc7 h5 46. Rf7 f5 47. d7 Bxd7
48. Rxd7 fxe4 49. Kf2 Kc8 50. Rd4 g5 51. fxg5 e3+ 52. Kxe3 h4 53. gxh4 Kc7 54.
g6 Kb8 55. g7 Ka8 56. Rd7 Kb8 57. g8=Q# 1-0

[Event "Tequila x Caipirinha"]
[Site "http://www.queenalice.com/game.php?id=80706"]
[Date "2006.6.27"]
[Round "-"]
[White "swmorgana"]
[Black "franckscarduelli"]
[Result "0-1"]
[WhiteElo "1403"]
[BlackElo "1499"]

1. e4 e5 2. Nf3 d6 3. Nc3 c6 4. d3 Qa5 5. Bd2 Nf6 6. Qb1 Be7 7. b4 Qb6 8. Qb3
Be6 9. Qb2 d5 10. exd5 cxd5 11. a4 a5 12. Be3 d4 13. Bg5 O-O 14. Be2 dxc3 15.
Qxc3 Bxb4 16. Qxb4 Qxb4+ 17. Bd2 Qb2 18. O-O Qxc2 19. Rfc1 Qb2 20. Ng5 Bg4 21.
Nf3 Bxf3 22. Bxf3 Qxd2 23. Re1 Re8 24. Bxb7 Ra7 25. Bf3 Qxd3 26. Rad1 Qb3 27. h3
Qxa4 28. Rd3 e4 29. Bxe4 Nxe4 30. g4 Rae7 31. Red1 Nc6 32. f3 Ng5 33. Kg2 Qf4
34. Rc3 Re2+ 35. Kf1 Nxf3 36. Rxc6 Nh2+ 37. Kg1 Qf2+ 38. Kh1 Qg2# 0-1

[Event "Batucada y Mariachis"]
[Site "http://www.queenalice.com/game.php?id=85695"]
[Date "2006.7.14"]
[Round "-"]
[White "franckscarduelli"]
[Black "swmorgana"]
[Result "1-0"]
[WhiteElo "1551"]
[BlackElo "1428"]

1. e4 e5 2. Nf3 Nc6 3. Nc3 Bc5 4. Qe2 Qe7 5. b3 Nb4 6. d3 Nf6 7. Bg5 h6 8. Bxf6
Qxf6 9. Nb5 O-O 10. Nxc7 Rb8 11. c3 Nc6 12. Nd5 Qg6 13. Nxe5 Qe6 14. d4 Ba3 15.
Nf4 Qf6 16. g3 d6 17. Ng4 Qg5 18. Ne3 Re8 19. Nc4 Bg4 20. Qd3 d5 21. Nxa3 Rxe4+
22. Be2 Rbe8 23. O-O Bf5 24. Qd2 Bg4 25. f3 Rxe2 26. Qd3 R8e3 27. h4 Qe7 28.
Nxd5 Qxa3 29. Nxe3 Qb2 30. Nxg4 Rg2+ 31. Kh1 Rxg3 32. Nf2 Ne7 33. Rae1 Ng6 34.
h5 Nh4 35. Re8# 1-0

[Event "Vasco x Inter"]
[Site "http://www.queenalice.com/game.php?id=87419"]
[Date "2006.7.19"]
[Round "-"]
[White "Fabio"]
[Black "franckscarduelli"]
[Result "1-0"]
[WhiteElo "1656"]
[BlackElo "1539"]

1. d4 d5 2. Nc3 Nf6 3. Nf3 c6 4. e3 g6 5. h3 b5 6. b4 Na6 7. Ne5 Be6 8. Nxc6 Qc8
9. Bxb5 Nxb4 10. Nxa7+ Qd7 11. Bxd7+ Bxd7 12. Nab5 Rc8 13. O-O Rxc3 14. Nxc3 Bf5
15. Ba3 Bxc2 16. Qc1 e6 17. Bxb4 Bxb4 18. Qxc2 O-O 19. a3 Ba5 20. Qa4 Bxc3 21.
Rac1 Bb2 22. Rc2 Rb8 23. Rb1 Nd7 24. Qxd7 Bxa3 25. Rxb8+ Bf8 26. Qe7 Kg7 27.
Qxf8+ Kf6 28. Qh8+ Ke7 29. Rb7+ Kd6 30. Qe5# 1-0

[Event "AUTO-INT-72"]
[Site "http://www.queenalice.com/game.php?id=88311"]
[Date "2006.7.21"]
[Round "2"]
[White "franckscarduelli"]
[Black "swmorgana"]
[Result "0-1"]
[WhiteElo "1541"]
[BlackElo "1455"]

1. e4 e5 2. Nc3 Nf6 3. d3 d6 4. Nf3 Bg4 5. Bg5 Nc6 6. Nb5 Be7 7. Bxf6 gxf6 8. c4
Qd7 9. Be2 Nb4 10. O-O Rg8 11. Nh4 Bxe2 12. Qxe2 f5 13. Nxf5 Bf6 14. g3 d5 15.
Qe1 Nxd3 16. Qe2 dxe4 17. Rfd1 Qxf5 18. b3 O-O-O 19. Nxa7+ Kb8 20. Qe3 Bg5 21.
Qe2 Kxa7 22. g4 Qf4 23. Rf1 Bh4 24. Qe3+ b6 25. h3 f5 26. Qxf4 exf4 27. Kh1 fxg4
28. hxg4 Rxg4 29. f3 exf3 30. Rxf3 Bf6 31. Rd1 Nf2+ 32. Rxf2 Rxd1+ 33. Kh2 Rh4+
34. Kg2 Bd4 35. Re2 Rg1+ 36. Kf3 Rg3+ 37. Ke4 f3+ 38. Kd3 fxe2+ 39. Kxe2 Rh2+
40. Kf1 Rg1# 0-1

[Event "AUTO-INT-72"]
[Site "http://www.queenalice.com/game.php?id=88312"]
[Date "2006.7.21"]
[Round "2"]
[White "swmorgana"]
[Black "franckscarduelli"]
[Result "1-0"]
[WhiteElo "1429"]
[BlackElo "1562"]

1. e4 e5 2. Nf3 Nc6 3. Bc4 Nh6 4. d3 Bb4+ 5. c3 Bc5 6. Bg5 f6 7. Be3 Bxe3 8.
fxe3 d6 9. d4 Bg4 10. h3 Bxf3 11. gxf3 Na5 12. Be6 g6 13. Qe2 f5 14. exf5 gxf5
15. Qb5+ c6 16. Qd3 Qf6 17. d5 Qh4+ 18. Kd1 e4 19. fxe4 fxe4 20. Qf1 Nc4 21.
Qxc4 b5 22. Qxc6+ Ke7 23. Qc7+ Ke8 24. Qd7+ Kf8 25. Rf1+ Nf7 26. Qxf7# 1-0